| 000 | 00355nam a2200145Ia 4500 | ||
|---|---|---|---|
| 008 | 150201s2005 xx 000 0 und d | ||
| 082 |
_a612 _bH2005J |
||
| 100 | _aJAIN,A.K. | ||
| 245 | _aMANUAL OF PRACTICAL PHYSIOLOGY FOR MBBS | ||
| 250 | _a1ST | ||
| 260 |
_bARYA PUBLICATION _aDELHI _c2005 |
||
| 300 | _a1-358 | ||
| 650 | _aPHYSIOLOGY | ||
| 942 |
_2ddc _cBK |
||
| 999 |
_c3988 _d3988 |
||